Золотоносные провинции Центральной Сибири: геология, минерагения и перспективы освоения: автореферат диссертации на соискание ученой степени доктора геолого-минералогических наук; спец. 25.00.11

Մատենագիտական մանրամասներ
Հիմնական հեղինակ: Сердюк С. С. Сергей Станиславович
Համատեղ հեղինակ: Красноярский научно-исследовательский институт геологии и минерального сырья (КНИИГиМС)
Այլ հեղինակներ: Мирошников А. Е. Анатолий Ефимович (научный консультант)
Ամփոփում:Защита сост. 3.12.2004 г.
Լեզու:ռուսերեն
Հրապարակվել է: Красноярск, [Б. и.], 2004
Խորագրեր:
Ձևաչափ: Գիրք
KOHA link:https://koha.lib.tpu.ru/cgi-bin/koha/opac-detail.pl?biblionumber=78903

MARC

LEADER 00000nam0a2200000 4500
001 78903
005 20231031094108.0
035 |a (RuTPU)RU\TPU\book\84736 
090 |a 78903 
100 |a 20050705d2004 k y0rusy50 ca 
101 0 |a rus 
102 |a RU 
105 |a y dm 001zy 
200 1 |a Золотоносные провинции Центральной Сибири: геология, минерагения и перспективы освоения  |e автореферат диссертации на соискание ученой степени доктора геолого-минералогических наук  |e спец. 25.00.11  |f С. С. Сердюк  |g Красноярский научно-исследовательский институт геологии и минерального сырья (КНИИГи МС) ; науч. конс. А. Е. Мирошников 
210 |a Красноярск  |c [Б. и.]  |d 2004 
215 |a 58 с. 
300 |a Защита сост. 3.12.2004 г. 
320 |a Библиогр.: с. 53-58 (71 назв.) 
610 1 |a геология 
610 1 |a месторождения 
610 1 |a полезные ископаемые 
610 1 |a золото 
610 1 |a золотые месторождения 
610 1 |a золотоносные провинции 
610 1 |a минерагения 
610 1 |a Сибирь 
610 1 |a авторефераты диссертаций 
675 |a 553.411(571.1/.5)(04)  |v 3 
686 |a 25.00.11  |2 oksvnk 
700 1 |a Сердюк  |b С. С.  |g Сергей Станиславович 
702 1 |a Мирошников  |b А. Е.  |g Анатолий Ефимович  |4 695 
712 0 2 |a Красноярский научно-исследовательский институт геологии и минерального сырья (КНИИГиМС)  |2 stltpush  |3 (RuTPU)RU\TPU\col\38 
801 1 |a RU  |b 63413507  |c 20050705  |g PSBO 
801 2 |a RU  |b 63413507  |c 20070916  |g PSBO 
942 |c BK